| 000 | 00979cam a22002651 4500 | ||
|---|---|---|---|
| 001 | 27456 | ||
| 003 | BD-RjUL | ||
| 005 | 20211209051146.0 | ||
| 008 | 140325t1961 n b 001 0 eng d | ||
| 035 | _a(BD-RjUL)27530 | ||
| 035 | _a(OCoLC)1870743 | ||
| 040 |
_aDLC _cOAkU _dDLC _dBD-RjUL _beng |
||
| 041 | _aeng | ||
| 082 | 0 | 4 |
_a959.7 _bCOP 1961 |
| 111 | 2 |
_aConference on Social Development and Welfare in Vietnam _d(1959 : _cNew York) _984356 |
|
| 245 | 1 | 0 |
_aProblems of freedom : _bSouth Vietnam since independence / _cEdited by Wesley R. Fishel. Introd. by Mike Mansfield. The contributors: Joseph Buttinger [and others] |
| 260 |
_aNew York : _bFree Press of Glencoe, _cc1961. |
||
| 300 |
_axiv, 233 p. : _bill. ; _c24 cm. |
||
| 504 | _aIncludes bibliographical references and index. | ||
| 651 | 0 |
_aVietnam _xSocial conditions _vCongresses. _984352 |
|
| 700 | 1 |
_aFishel, Wesley R., _eed. _984353 |
|
| 942 |
_2ddc _cBK |
||
| 999 |
_c27456 _d27456 |
||